000 00567cam a22002291 4500
001 ne 66000724
003 DLC
005 20260227111822.0
008 890712s1965 xx 000 0 ara
010 _ane 66000724
035 _a(OCoLC)23505221
040 _aDLC
_cMiU
_dDLC
042 _apremarc
050 0 0 _aLB1025
_b.N23
100 1 _aNabhān, Muhammad Ibrāhīm.
245 1 3 _aal-Ta'līm fi khidmat al-salām.
260 _c[1965]
300 _a478 p.
_bforms.
_c24 cm.
490 0 _a#
_v4
504 _aBibliographical footnotes.
650 0 _aTeaching
999 _c48799
_d48799